[Event "Nationale I Jeune, Cannes"]
[Site "Cannes"]
[Date "1998.??.??"]
[Round "?"]
[White "Buffe, Remi"]
[Black "Laurens, Julia"]
[Result "1/2-1/2"]
[WhiteElo "2690"]
[BlackElo "2790"]
[PlyCount "136"]
[EventDate "1998.??.??"]
[Source "www.chesslib.no"]
[SourceDate "2004.05.04"]

1. d4 d5 2. Nf3 Bf5 3. c4 e6 4. Nc3 c6 5. e3 Nf6 6. Bd3 Bxd3 7. Qxd3 Be7 8. O-O Nbd7 9. e4 dxe4 10. Nxe4 O-O 11. Nxf6+ Nxf6 12. Bf4 Re8 13. Rfd1 Nh5 14. Qe3 Nxf4 15. Qxf4 Qd6 16. Qg3 Qxg3 17. fxg3 Rad8 18. Rd2 Rd7 19. Ne5 Bg5 20. Rd3 Rc7 21. h4 Bf6 22. Ng4 Be7 23. Rf3 Rf8 24. Ne3 Rd7 25. Rd1 Bf6 26. Rf4 Rfd8 27. Nc2 e5 28. Re4 exd4 29. Kf2 b6 30. Rde1 h6 31. Rd1 c5 32. Kg1 d3 33. Ne1 Bxb2 34. Kf1 Bd4 35. Rxd3 f5 36. Rf4 g6 37. Nc2 Be5 38. Rxd7 Rxd7 39. Rf3 Rd2 40. Rf2 Rd3 41. Rf3 Rxf3+ 42. gxf3 Bxg3 43. Kg2 Bxh4 44. Ne3 Kf7 45. Kh3 Bg5 46. Nd5 Ke6 47. Nc7+ Kd7 48. Nb5 a6 49. Nc3 b5 50. Nd5 bxc4 51. Nb6+ Kc6 52. Nxc4 Kd5 53. Nb6+ Kd4 54. Na4 c4 55. Kg3 c3 56. Nxc3 Kxc3 57. f4 Bf6 58. Kf3 Kd4 59. Kg3 Ke3 60. Kg2 Kxf4 61. Kf2 h5 62. a3 h4 63. a4 g5 64. a5 g4 65. Kg2 h3+ 66. Kh2 Kf3 67. Kg1 g3 68. Kh1 h2 1/2-1/2

[Event "FIDE Grand Prix"]
[Site "Elista RUS"]
[Date "2008.12.21"]
[Round "7"]
[White "Eljanov, P."]
[Black "Cheparinov, I."]
[Result "1-0"]
[WhiteElo "2720"]
[BlackElo "2696"]
[PlyCount "249"]
[EventDate "2008.12.14"]
[Source "www.chesslib.no"]
[SourceDate "2004.05.04"]

1. d4 d5 2. c4 c6 3. Nf3 Nf6 4. e3 Bf5 5. Nc3 e6 6. Nh4 Bg6 7. Nxg6 hxg6 8. Bd2 Nbd7 9. Rc1 a6 10. b3 Bb4 11. g3 Bxc3 12. Bxc3 Ne4 13. Bg2 Nxc3 14. Rxc3 Qe7 15. h4 g5 16. hxg5 Rxh1+ 17. Bxh1 Qxg5 18. Qc1 Nf6 19. cxd5 cxd5 20. Rc8+ Rxc8 21. Qxc8+ Ke7 22. Qxb7+ Ke8 23. Qc8+ Ke7 24. Qb7+ Ke8 25. Qc8+ Ke7 26. Qxa6 Qf5 27. Qa3+ Ke8 28. Qb2 Ng4 29. Bg2 Nxf2 30. Qxf2 Qb1+ 31. Ke2 Qxa2+ 32. Kf3 Qxb3 33. Bf1 Qb1 34. Kg2 Kf8 35. Qe2 Qc1 36. Kf2 Qb1 37. Qd3 Qb2+ 38. Be2 g6 39. Kg1 Kg7 40. Bd1 Qb4 41. Kg2 Qe7 42. Qe2 Qg5 43. Bc2 Qd8 44. Qf2 Qc7 45. g4 Kg8 46. Qe2 Kg7 47. Bd3 Qc3 48. Qc2 Qa3 49. Qd2 Qb3 50. Bc2 Qa3 51. Qf2 Qc3 52. g5 Kg8 53. Bd1 Qd3 54. Bg4 Qc3 55. Kg3 Qc1 56. Be2 Qc3 57. Kf3 Qc2 58. Qh4 Qb1 59. Kf2 Qb2 60. Qh2 Qc2 61. Qh3 Kg7 62. Qf3 Kg8 63. Kg3 Qb1 64. Qf1 Qe4 65. Qf2 Qb1 66. Bf1 Qb8+ 67. Kg2 Qb1 68. Kh3 Qd1 69. Qe2 Qb1 70. Qf3 Qb3 71. Ba6 Qb1 72. Kg2 Qc2+ 73. Qf2 Qb1 74. Kg3 Qb8+ 75. Qf4 Qb1 76. Qf1 Qb8+ 77. Kh3 Qb3 78. Bd3 Qc3 79. Qe2 Kg7 80. Kg4 Qc1 81. Bc2 Qb2 82. Qd1 Qc3 83. Bd3 Qb2 84. Qc2 Qa3 85. Qb1 Qc3 86. Kf3 Qc7 87. Qc2 Qb8 88. Kg4 Kh7 89. Kh3 Kg7 90. Qf2 Kg8 91. Kg4 Qa8 92. Qc2 Qa1 93. Bxg6 Qg1+ 94. Kf4 Qf1+ 95. Ke5 Qh3 96. Kf6 Qh8+ 97. Ke7 Kg7 98. Bd3 Qb8 99. Qc6 Qa7+ 100. Kd8 Qb8+ 101. Kd7 Qa7+ 102. Qc7 Qa4+ 103. Qc6 Qa7+ 104. Kc8 Qa3 105. Qc2 Qa8+ 106. Kc7 Qa5+ 107. Kb7 Qe1 108. Qe2 Qb4+ 109. Ka6 Qa4+ 110. Kb6 Qb4+ 111. Bb5 Kg6 112. Qd3+ Kxg5 113. Kc6 Kf6 114. e4 dxe4 115. Qxe4 Qc3+ 116. Kd7 Qg3 117. Be2 Kg5 118. Ke8 Qf4 119. Qd3 Kf6 120. Qf3 Kg5 121. Q 5+ Kf6 122. Qxf7+ Kg5 123. Qe7+ Kf5 124. Bd3+ Kg4 125. Qxe6+ 1-0

[Event "Tel Aviv 72/345"]
[Site "?"]
[Date "1998.??.??"]
[Round "?"]
[White "Smirin, Ilia"]
[Black "Kasparov, Garry"]
[Result "0-1"]
[WhiteElo "2590"]
[BlackElo "2825"]
[PlyCount "108"]
[Source "ChessBase"]
[SourceDate "1998.02.01"]

1. d4 d5 2. c4 c6 3. Nf3 Nf6 4. e3 Bf5 5. Nc3 e6 6. Nh4 Bg4 7. Qb3 Qb6 8. h3 Bh5 9. Bd2 Nbd7 10. g4 Bg6 11. g5 Ng8 12. Nxg6 hxg6 13. c5 Qc7 14. e4 Ne7 15. exd5 exd5 16. Bd3 Rh4 17. Ne2 b6 18. cxb6 axb6 19. O-O-O b5 20. Kb1 Nb6 21. f4 Nc4 22. Be1 Rh8 23. Bb4 Nf5 24. Rhe1 Bxb4 25. Qxb4 Qd6 26. Qc3 Kf8 27. Bxf5 gxf5 28. Nc1 g6 29. b3 b4 30. Qf3 Na3+ 31. Kb2 c5 32. Re5 c4 33. Rxd5 c3+ 34. Ka1 Nc2+ 35. Kb1 Na3+ 36. Ka1 Qa6 37. Rd7 Nc2+ 38. Kb1 Na3+ 39. Ka1 Ra7 40. Rd8+ Kg7 41. Rxh8 Nc2+ 42. Kb1 Na3+ 43. Ka1 Kxh8 44. d5 Nc2+ 45. Kb1 Na3+ 46. Ka1 Re7 47. Qd3 Qd6 48. Qd4+ Kg8 49. Qf6 Nc2+ 50. Kb1 Na3+ 51. Ka1 Qc5 52. Nd3 Qe3 53. Qa6 Qd4 54. Rc1 Re3 0-1

[Event "Corsica Masters KO"]
[Site "Bastia"]
[Date "2003.11.01"]
[Round "1.5"]
[White "Tkachiev, Vladislav"]
[Black "Shirov, Alexei"]
[Result "0-1"]
[WhiteElo "2645"]
[BlackElo "2737"]
[PlyCount "113"]
[EventDate "2003.11.01"]
[Source "Roberto Alvarez"]
[SourceDate "2003.11.03"]

1. d4 d5 2. c4 c6 3. Nf3 Nf6 4. e3 Bf5 5. Nc3 e6 6. Nh4 Be4 7. f3 Bg6 8. Qb3 Qc7 9. Bd2 Nbd7 10. cxd5 Nxd5 11. O-O-O a5 12. Nxg6 hxg6 13. Kb1 Nxc3+ 14. Bxc3 a4 15. Qc2 a3 16. b3 Be7 17. g3 Nb6 18. e4 O-O 19. f4 Rfd8 20. Bg2 c5 21. dxc5 Qxc5 22. Be5 Qb5 23. Rxd8+ Rxd8 24. Rc1 Rc8 25. Qd1 Rxc1+ 26. Kxc1 Nd7 27. Ba1 Nc5 28. Bf3 Qc6 29. Kb1 Nxe4 30. Qd4 Nd2+ 31. Qxd2 Qxf3 32. Be5 f6 33. Bc3 Bc5 34. Kc2 Bg1 35. b4 Qd5 36. Qxd5 exd5 37. h3 Bf2 38. g4 f5 39. Kb3 d4 40. Bd2 Kf7 41. Kc2 Ke6 42. Kd3 Kd5 43. Bc1 Bg3 44. Bxa3 Bxf4 45. Bb2 Be5 46. Bc1 f4 47. Bd2 f3 48. a4 Bg3 49. a5 f2 50. Ke2 Kc4 51. Kf1 d3 52. Kg2 Bd6 53. b5 Kxb5 54. Kxf2 Bb4 55. Bf4 Bxa5 56. Ke3 Kc4 57. Be5 0-1

[Event "Corsica Masters KO"]
[Site "Bastia"]
[Date "2003.11.01"]
[Round "1.4"]
[White "Tkachiev, Vladislav"]
[Black "Shirov, Alexei"]
[Result "1/2-1/2"]
[WhiteElo "2645"]
[BlackElo "2737"]
[PlyCount "53"]
[EventDate "2003.11.01"]
[Source "Roberto Alvarez"]
[SourceDate "2003.11.03"]

1. d4 d5 2. c4 c6 3. Nf3 Nf6 4. e3 Bf5 5. Nc3 e6 6. Nh4 Bg6 7. Nxg6 hxg6 8. g3 Nbd7 9. Qe2 Nb6 10. c5 Nbd7 11. b4 Be7 12. Bg2 O-O 13. O-O b6 14. Bd2 a5 15. a3 Qc7 16. Rfc1 Rfb8 17. e4 axb4 18. axb4 Rxa1 19. Rxa1 bxc5 20. bxc5 dxe4 21. Bf4 e5 22. dxe5 Nh5 23. Qxe4 Nxc5 24. Qxc6 Qxc6 25. Bxc6 Nxf4 26. gxf4 Ra8 27. Nd5 1/2-1/2

[Event "Corsica Masters KO"]
[Site "Bastia"]
[Date "2003.11.01"]
[Round "1.1"]
[White "Tkachiev, Vladislav"]
[Black "Shirov, Alexei"]
[Result "1/2-1/2"]
[WhiteElo "2645"]
[BlackElo "2737"]
[PlyCount "69"]
[EventDate "2003.11.01"]
[Source "Roberto Alvarez"]
[SourceDate "2003.11.03"]

1. d4 d5 2. c4 c6 3. Nf3 Nf6 4. e3 Bf5 5. Nc3 e6 6. Nh4 Be4 7. f3 Bg6 8. Qb3 Qb6 9. Nxg6 hxg6 10. Bd2 Nbd7 11. O-O-O Be7 12. Kb1 O-O-O 13. Qc2 Kb8 14. g4 dxc4 15. Bxc4 Rh3 16. g5 Nd5 17. e4 Nxc3+ 18. Qxc3 Qc7 19. Bc1 Nb6 20. Bb3 Rxh2 21. Rxh2 Qxh2 22. d5 Qe2 23. Re1 Qb5 24. Qxg7 Qd3+ 25. Bc2 Qxf3 26. dxe6 Bb4 27. Re3 Qh1 28. Re2 fxe6 29. Qf6 Kc7 30. a3 Bd2 31. Qe5+ Kc8 32. Qxe6+ Kb8 33. Qe5+ Kc8 34. Qe6+ Kb8 35. Qe5+ 1/2-1/2

[Event "FIDE GP+"]
[Site "Dubai"]
[Date "2002.04.08"]
[Round "5.2"]
[White "Georgiev, Kiril"]
[Black "Shirov, Alexei"]
[Result "1-0"]
[WhiteElo "2655"]
[BlackElo "2715"]
[PlyCount "99"]
[EventDate "2002.04.03"]
[Source "ChessBase"]
[SourceDate "2002.08.12"]

1. d4 d5 2. c4 c6 3. Nf3 Nf6 4. e3 Bf5 5. Nc3 e6 6. Nh4 Be4 7. f3 Bg6 8. Qb3 Qc7 9. Bd2 Nbd7 10. Rc1 Rc8 11. g3 Be7 12. Kf2 O-O 13. cxd5 Nxd5 14. Nxg6 hxg6 15. e4 Nxc3 16. bxc3 c5 17. Be2 e5 18. Be3 c4 19. Qb2 f5 20. Kg2 fxe4 21. fxe4 Nf6 22. Bf3 Bd6 23. a4 Rce8 24. Qc2 b6 25. Rhe1 Qc8 26. Rf1 Rf7 27. Rb1 Ref8 28. Bg5 Nh7 29. Be3 Nf6 30. h3 Qc7 31. g4 Re8 32. Bd2 Nh7 33. Be2 Rfe7 34. Bf3 Rf8 35. g5 exd4 36. cxd4 Bf4 37. e5 Bxd2 38. Bd5+ Kh8 39. Rxf8+ Nxf8 40. Qxd2 Qd8 41. Bxc4 Rxe5 42. Rb5 Qa8+ 43. Kg3 Re4 44. Bd5 Qb8+ 45. Kg2 Rf4 46. Qe3 Qd6 47. Qe5 Qxe5 48. dxe5 Nh7 49. e6 Rf8 50. Bc6 1-0

[Event "Olimpiadi 2008 - open"]
[Site "Dresda GER"]
[Date "2008.11.22"]
[Round "9"]
[White "Roiz, M."]
[Black "Akopian, Vl"]
[Result "1/2-1/2"]
[WhiteElo "2677"]
[BlackElo "2679"]
[PlyCount "261"]
[EventDate "2008.11.13"]
[Source "www.chesslib.no"]
[SourceDate "2004.05.04"]

1. Nf3 d5 2. d4 Nf6 3. c4 c6 4. e3 Bf5 5. Nc3 e6 6. Nh4 Bg6 7. Be2 Nbd7 8. O-O Bd6 9. g3 O-O 10. Nxg6 hxg6 11. Qb3 Rb8 12. Rd1 Qe7 13. Qc2 dxc4 14. Bxc4 Rbd8 15. Bd2 c5 16. dxc5 Bxc5 17. Be2 Nb6 18. Rac1 Rc8 19. Qb3 Rfd8 20. Bf3 Bb4 21. Be1 Rxd1 22. Rxd1 Bc5 23. Bg2 Qc7 24. a4 Nbd7 25. a5 Qxa5 26. Nd5 Qd8 27. Nxf6+ gxf6 28. Qxb7 Rc7 29. Ba5 Bb6 30. Bxb6 axb6 31. Qxb6 Nxb6 32. Rxd8+ Kg7 33. Rd1 Rc2 34. Rb1 Nc4 35. b4 Nd2 36. Rd1 Rb2 37. Bc6 f5 38. b5 Ne4 39. Bxe4 fxe4 40. Rd4 Rb1+ 41. Kg2 Rxb5 42. Rxe4 Ra5 43. h4 Rb5 44. g4 Ra5 45. Rb4 Rc5 46. Rb7 Rc4 47. Kg3 Rc1 48. Rb5 Rg1+ 49. Kf4 Rh1 50. h5 gxh5 51. Rxh5 Ra1 52. Rg5+ Kh6 53. Rg8 Kh7 54. Rb8 Ra5 55. Kg3 Ra3 56. Rb5 Kg6 57. Re5 Ra1 58. f4 Kg7 59. Rg5+ Kf8 60. Rc5 Kg7 61. Kf3 Ra4 62. Rg5+ Kf8 63. Rb5 Kg7 64. Rb3 Kg6 65. Rd3 Kg7 66. Rd4 Ra5 67. Rc4 Kg6 68. Rc3 Ra1 69. Rc6 Kg7 70. g5 Ra3 71. Ke4 Ra5 72. Rb6 Kg6 73. Kf3 Ra3 74. Rb1 Kg7 75. Rg1 Kg6 76. Rh1 Kg7 77. Rh3 Ra4 78. Rh6 Ra3 79. Rf6 Rb3 80. Ke4 Rb5 81. Kd4 Rd5+ 82. Kc4 Ra5 83. e4 Ra4+ 84. Kd3 Ra3+ 85. Kd4 Ra4+ 86. Ke3 Ra3+ 87. Kf2 Ra4 88. e5 Ra2+ 89. Ke3 Ra3+ 90. Kd4 Ra4+ 91. Kc5 Ra5+ 92. Kb4 Rd5 93. Kc4 Ra5 94. Kb3 Rb5+ 95. Kc3 Rc5+ 96. Kd4 Rd5+ 97. Ke4 Ra5 98. g6 Ra4+ 99. Kf3 fxg6 100. Rxe6 Ra1 101. Re7+ Kf8 102. Rb7 Re1 103. Rb4 Kf7 104. Kf2 Ra1 105. Ke3 Rd1 106. Ke4 Re1+ 107. Kd5 Rd1+ 108. Rd4 Ra1 109. Kc6 Ra6+ 110. Kb5 Ra1 111. Rd7+ Ke6 112. Rd6+ Kf7 113. Kc6 Ra6+ 114. Kd5 Ra5+ 115. Ke4 Ra4+ 116. Rd4 Ra1 117. Rd7+ Ke6 118. Rd6+ Kf7 119. Rf6+ Kg7 120. f5 Ra4+ 121.  e3 gxf5 122. Rxf5 Kg6 123. Rf6+ Kg7 124. Rf1 Rb4 125. Kd3 Ra4 126. e6 Ra6 127. Re1 Kf8 128. e7+ Ke8 129. Kc4 Ra7 130. Kc5 Rxe7 131. Rxe7+ 1/2-1/2

[Event "It (Open) Ledyard USA"]
[Site "?"]
[Date "2006.04.14"]
[Round "5"]
[White "Golod Vitali"]
[Black "Stripunsky Alexander"]
[Result "1-0"]
[WhiteElo "2696"]
[BlackElo "2647"]
[PlyCount "80"]
[EventDate "2006.??.??"]
[Source "www.chesslib.no"]
[SourceDate "2004.05.04"]

1. d4 d5 2. c4 c6 3. Nf3 Nf6 4. e3 Bf5 5. Nc3 e6 6. Nh4 Bg6 7. Nxg6 hxg6 8. g3 Nbd7 9. Bg2 dxc4 10. Qe2 Be7 11. O-O Qa5 12. Qxc4 Qh5 13. h3 g5 14. e4 e5 15. Rd1 exd4 16. Qxd4 g4 17. h4 Bc5 18. Qd2 O-O-O 19. Qg5 a6 20. Bf4 Qxg5 21. hxg5 Nh5 22. e5 Nxf4 23. gxf4 g3 24. Ne4 gxf2+ 25. Kf1 Rh4 26. Rxd7 Rxd7 27. Nxc5 Rd8 28. f5 Rf4 29. e6 Rxf5 30. e7 Rxc5 31. Bh3+ Kc7 32. exd8=Q+ Kxd8 33. Rd1+ Ke8 34. g6 fxg6 35. Rd2 Rb5 36. Kxf2 Ke7 37. Bc8 Kf6 38. b3 a5 39. Rd7 Rc5 40. Bxb7 Ke5 1-0